Metal loading determines the stabilization pathway for Co2+ in titanate nanowires ion exchange vs. cluster formation /

Elmentve itt :
Bibliográfiai részletek
Szerzők: Madarász Dániel
Pótári Gábor
Sápi András
László Balázs
Csudai Csaba
Oszkó Albert
Kukovecz Ákos
Erdőhelyi András
Kónya Zoltán
Kiss János
Dokumentumtípus: Cikk
Megjelent: 2013
Sorozat:Physical Chemistry Chemical Physics 15 No. 38
doi:10.1039/C3CP51502H

mtmt:2399129
Online Access:http://publicatio.bibl.u-szeged.hu/4117
LEADER 01043nab a2200301 i 4500
001 publ4117
005 20180801121038.0
008 140204s2013 hu o 0|| zxx d
022 |a 1463-9076 
024 7 |a 10.1039/C3CP51502H  |2 doi 
024 7 |a 2399129  |2 mtmt 
040 |a SZTE Publicatio Repozitórium  |b hun 
041 |a zxx 
100 1 |a Madarász Dániel 
245 1 0 |a Metal loading determines the stabilization pathway for Co2+ in titanate nanowires  |h [elektronikus dokumentum] :  |b ion exchange vs. cluster formation /  |c  Madarász Dániel 
260 |c 2013 
300 |a 15917-15925 
490 0 |a Physical Chemistry Chemical Physics  |v 15 No. 38 
700 0 1 |a Pótári Gábor  |e aut 
700 0 1 |a Sápi András  |e aut 
700 0 1 |a László Balázs  |e aut 
700 0 1 |a Csudai Csaba  |e aut 
700 0 1 |a Oszkó Albert  |e aut 
700 0 1 |a Kukovecz Ákos  |e aut 
700 0 1 |a Erdőhelyi András  |e aut 
700 0 1 |a Kónya Zoltán  |e aut 
700 0 1 |a Kiss János  |e aut 
856 4 0 |u http://publicatio.bibl.u-szeged.hu/4117/1/2399129.pdf  |z Dokumentum-elérés